[Event "12. Lichtenberger Sommer"]
[Site "Berlin"]
[Date "2013.08.22"]
[Round "6.108"]
[White "Stiemerling, Karl-Heinz"]
[Black "Schrade, Ulrich"]
[Result "1/2-1/2"]
[WhiteElo "1609"]
[BlackElo "1528"]
[PlyCount "121"]
[EventDate "2013.??.??"]
[WhiteTeam "SG Eckturm"]
[BlackTeam "SV Trossingen"]

1. d4 d5 2. Nf3 Nf6 3. h3 Nc6 4. c3 Qd6 5. Bg5 Ne4 6. Bh4 h6 7. Nbd2 e5 8. dxe5
Nxe5 9. Nxe5 Qxe5 10. Nxe4 Qxe4 11. Qd4 Qxd4 12. cxd4 Bb4+ 13. Kd1 Bd6 14. e3
g5 15. Bg3 Bxg3 16. fxg3 Bf5 17. Kd2 Be4 18. Rc1 Kd7 19. g4 c6 20. Rh2 h5 21.
gxh5 Rxh5 22. Be2 Rh6 23. Rf1 Ke7 24. Bd3 Bxd3 25. Kxd3 Rah8 26. Rfh1 g4 27. h4
g3 28. Rh3 Rg8 29. Rf1 Ke6 30. b4 b5 31. Rc1 Kd6 32. Ra1 Rg4 33. Rah1 Kc7 34.
h5 Kb6 35. Rf1 f6 36. Rf5 a5 37. bxa5+ Kxa5 38. Rh1 Rg5 39. e4 Rxf5 40. exf5
Ka4 41. Kc2 Kb4 42. Rh3 Kc4 43. Rxg3 Rxh5 44. Rc3+ Kxd4 45. Rxc6 Rxf5 46. Kb3
Ke4 47. Kb4 d4 48. g4 Rg5 49. Rxf6 Rxg4 50. Kxb5 d3 51. Re6+ Kd5 52. Re1 Kd4
53. a4 Kc3 54. Rc1+ Kb2 55. Rf1 d2 56. a5 Rg5+ 57. Kb6 Kc2 58. a6 d1=Q 59. Rxd1
Kxd1 60. a7 Rg8 61. Kb7 1/2-1/2

[Event "12. Lichtenberger Sommer"]
[Site "Berlin"]
[Date "2013.08.22"]
[Round "6.109"]
[White "Dittrich, Tom"]
[Black "Stark, Steven"]
[Result "1-0"]
[WhiteElo "1648"]
[BlackElo "1529"]
[PlyCount "62"]
[EventDate "2013.??.??"]
[WhiteTeam "SG Blau-Weiß Stadtilm"]
[BlackTeam "BSC Rehberge 1945 e.V."]

1. e4 e5 2. Nf3 d6 3. Bc4 Bg4 4. d3 h6 5. c3 Bxf3 6. Qxf3 Nf6 7. Nd2 Nbd7 8.
Nf1 c6 9. Bb3 Nc5 10. Bc2 Qc7 11. Ng3 O-O-O 12. O-O Kb8 13. Re1 Ka8 14. Qe2 g5
15. b4 Ne6 16. a4 Rb8 17. Bd2 Nd7 18. Reb1 f6 19. b5 c5 20. a5 Qd8 21. Bb3 Nc7
22. b6 Na6 23. Bd5 Bg7 24. d4 c4 25. Qxc4 Ndc5 26. dxc5 Nxc5 27. a6 Qd7 28.
axb7+ Rxb7 29. Bxb7+ Kxb7 30. Rxa7+ Kb8 31. Rxd7 Nxd7 1-0

[Event "12. Lichtenberger Sommer"]
[Site "Berlin"]
[Date "2013.08.22"]
[Round "6.110"]
[White "Mildenberger, Hans"]
[Black "Lippianowski, Stefan"]
[Result "1-0"]
[WhiteElo "1622"]
[BlackElo "1245"]
[PlyCount "63"]
[EventDate "2013.??.??"]
[WhiteTeam "SG BVG Helmholtz 55"]
[BlackTeam "Treptower SV 1949 e.V."]

1. d4 d5 2. c4 Bf5 3. cxd5 Bxb1 4. Qa4+ c6 5. Rxb1 Nf6 6. Nf3 Qxd5 7. e3 Qf5 8.
Ra1 g6 9. Qb3 Qa5+ 10. Bd2 Qc7 11. Bc4 e6 12. Rc1 Bd6 13. h3 Nbd7 14. O-O Ne4
15. Bc3 Rf8 16. Bxe6 O-O-O 17. Bxf7 Ndf6 18. Be6+ Kb8 19. Bc4 h5 20. Bb4 g5 21.
Bxd6 Qxd6 22. Ba6 Rd7 23. Rc2 g4 24. Ne5 Rg7 25. h4 c5 26. Bd3 cxd4 27. Nc6+
Kc8 28. Nxa7+ Kb8 29. Nc6+ Kc8 30. Nxd4+ Kd8 31. Nf5 Qd5 32. Qb6+ 1-0

[Event "12. Lichtenberger Sommer"]
[Site "Berlin"]
[Date "2013.08.22"]
[Round "6.111"]
[White "Pilgrim, Wilfried"]
[Black "Schmole-Rostosky, Joachim"]
[Result "0-1"]
[WhiteElo "1508"]
[BlackElo "1245"]
[PlyCount "56"]
[EventDate "2013.??.??"]
[WhiteTeam "SC Kreuzberg e.V."]
[BlackTeam "SF Schwarz-Weiß Merzhausen"]

1. Nf3 e6 2. e4 d5 3. exd5 exd5 4. d4 h6 5. Nc3 Nf6 6. Bd3 a6 7. O-O Be6 8. Re1
Nbd7 9. Bf5 Qe7 10. Bf4 O-O-O 11. Bxe6 fxe6 12. Bg3 g5 13. Be5 Bg7 14. Bxf6
Qxf6 15. Ne5 Nxe5 16. dxe5 Qf5 17. Qd4 Kb8 18. Rac1 h5 19. Na4 Bf8 20. a3 h4
21. Re3 g4 22. c4 Bh6 23. Rb3 Bxc1 24. Nc5 dxc4 25. Rxb7+ Kc8 26. Rxc7+ Kxc7
27. Nxa6+ Kb7 28. Nc5+ Ka8 0-1

[Event "12. Lichtenberger Sommer"]
[Site "Berlin"]
[Date "2013.08.22"]
[Round "6.112"]
[White "Kammler, Hans-Joachim"]
[Black "Dittrich, Hans-Jürgen"]
[Result "1-0"]
[WhiteElo "1487"]
[BlackElo "1380"]
[PlyCount "47"]
[EventDate "2013.??.??"]
[WhiteTeam "vereinslos"]
[BlackTeam "vereinslos"]

1. e4 e5 2. Nf3 Nc6 3. Bb5 a6 4. Ba4 b5 5. Bb3 h6 6. c3 Nf6 7. O-O Bc5 8. d4
exd4 9. cxd4 Bb6 10. e5 Nh7 11. Nc3 Bb7 12. Re1 O-O 13. Bc2 Nb4 14. Be4 Bxe4
15. Rxe4 Re8 16. a3 Nc6 17. Rg4 g5 18. Nd5 Rb8 19. h4 Bxd4 20. Rxd4 Nxd4 21.
Qxd4 c6 22. Nf6+ Nxf6 23. exf6 Qb6 24. Qg4 1-0

[Event "12. Lichtenberger Sommer"]
[Site "Berlin"]
[Date "2013.08.23"]
[Round "7.2"]
[White "Rehberg, Raphael"]
[Black "Meister, Jakob"]
[Result "1/2-1/2"]
[WhiteElo "2151"]
[BlackElo "2517"]
[PlyCount "99"]
[EventDate "2013.??.??"]
[WhiteTeam "SG Lok Brandenburg, Abt. Schach"]
[BlackTeam "SK Zehlendorf e.V."]

1. e4 c5 2. Nf3 e6 3. d4 cxd4 4. Nxd4 Nf6 5. Bd3 e5 6. Nf3 Nc6 7. c4 Bc5 8. Nc3
d6 9. h3 h6 10. a3 a6 11. b4 Ba7 12. Bb2 O-O 13. O-O Nh5 14. Ne2 Qe7 15. g4 Nf6
16. Ng3 g6 17. Qd2 Kg7 18. Kg2 h5 19. gxh5 Rh8 20. b5 Nd8 21. Qg5 Ng8 22. h4
Kf8 23. hxg6 Ne6 24. g7+ Nxg7 25. Nf5 Bxf5 26. exf5 f6 27. Qg4 axb5 28. cxb5 d5
29. Rfe1 Nh6 30. Qg6 Ngxf5 31. Kf1 Rg8 32. Qh5 Qf7 33. Qxf7+ Kxf7 34. Bc2 e4
35. Bb3 exf3 36. Bxd5+ Kg6 37. Bxb7 Ng4 38. Bxa8 Rxa8 39. Re6 Rd8 40. b6 Bb8
41. Re4 Nxf2 42. Kxf2 Rd2+ 43. Kxf3 Rxb2 44. Rb4 Rh2 45. a4 Rh3+ 46. Ke2 Rh2+
47. Kd3 Rh3+ 48. Ke2 Rh2+ 49. Kd3 Rh3+ 50. Ke2 1/2-1/2

[Event "12. Lichtenberger Sommer"]
[Site "Berlin"]
[Date "2013.08.23"]
[Round "7.3"]
[White "Petersen, Soren Boeck"]
[Black "Radovanovic, Jovica"]
[Result "1/2-1/2"]
[WhiteElo "2247"]
[BlackElo "2341"]
[PlyCount "68"]
[EventDate "2013.??.??"]
[WhiteTeam "Damhus Skakklub"]
[BlackTeam "vereinslos"]

1. e4 c5 2. c3 d5 3. exd5 Qxd5 4. d4 Nf6 5. Nf3 e6 6. Be3 cxd4 7. cxd4 Bb4+ 8.
Nc3 Bd7 9. Bd3 Bb5 10. O-O Bxc3 11. Bxb5+ Qxb5 12. bxc3 O-O 13. Rb1 Qa6 14. Qb3
Nbd7 15. Rfc1 b6 16. c4 Rfc8 17. h3 Rc6 18. Rc2 Rac8 19. Rbc1 h6 20. Bf4 Qa5
21. Be5 Ne4 22. Qe3 Nd6 23. Bxd6 Rxd6 24. c5 Rdc6 25. Ne5 Nxe5 26. Qxe5 Qb4 27.
Rc4 Qb2 28. R1c2 Qa1+ 29. Kh2 Rxc5 30. Rxc5 bxc5 31. Rxc5 Rd8 32. Ra5 Qxd4 33.
Qxd4 Rxd4 34. Rxa7 g5 1/2-1/2

[Event "12. Lichtenberger Sommer"]
[Site "Berlin"]
[Date "2013.08.23"]
[Round "7.4"]
[White "Schmidt, Martin"]
[Black "Kalinitschew, Sergey"]
[Result "0-1"]
[WhiteElo "2061"]
[BlackElo "2442"]
[PlyCount "48"]
[EventDate "2013.??.??"]
[WhiteTeam "SC Borussia Friedrichsfelde 1920"]
[BlackTeam "SC Kreuzberg e.V."]

1. d4 f5 2. Nf3 Nf6 3. e3 e6 4. Bd3 b6 5. c4 Bb7 6. Nc3 Bb4 7. O-O O-O 8. Nd2
Nc6 9. a3 Bxc3 10. bxc3 Ne7 11. f3 Ng6 12. Rb1 Nh5 13. f4 Nf6 14. Qc2 Nh4 15.
g3 Ng4 16. Re1 Ng2 17. Re2 N2xe3 18. Qa2 g5 19. fxg5 f4 20. gxf4 Rxf4 21. Rxe3
Nxe3 22. Nf1 Rxf1+ 23. Bxf1 Qxg5+ 24. Kf2 Rf8+ 0-1

[Event "12. Lichtenberger Sommer"]
[Site "Berlin"]
[Date "2013.08.23"]
[Round "7.5"]
[White "Cusnariov, Nikolai"]
[Black "Ross, Chris N"]
[Result "1/2-1/2"]
[WhiteElo "2154"]
[BlackElo "2240"]
[PlyCount "83"]
[EventDate "2013.??.??"]
[WhiteTeam "USV Potsdam e.V., Abt. Schach"]
[BlackTeam "Schachgemeinschaft Niederkassel"]

1. e4 c5 2. Nf3 e6 3. c4 Nc6 4. Nc3 a6 5. Be2 Nf6 6. O-O Be7 7. d4 cxd4 8. Nxd4
Qc7 9. Be3 Ne5 10. Rc1 d6 11. f4 Ng6 12. g3 b6 13. Bf3 Bb7 14. Qe2 Rc8 15. b3
Nf8 16. f5 e5 17. Nd5 Qb8 18. Nxf6+ Bxf6 19. Nc2 Nd7 20. Nb4 Qa8 21. Nd5 Bxd5
22. cxd5 O-O 23. b4 Rxc1 24. Rxc1 Rc8 25. Qd2 Bd8 26. a4 a5 27. bxa5 Rxc1+ 28.
Qxc1 bxa5 29. Qb2 Qb8 30. Qxb8 Nxb8 31. Be2 Nd7 32. Bb5 Nf6 33. Bd3 Ng4 34. Ba7
Bg5 35. h3 Nf6 36. Kg2 Kf8 37. Kf3 Bd2 38. Bb5 Ke7 39. Bb6 Bb4 40. Be3 Bc3 41.
Bg5 h6 42. Bxf6+ 1/2-1/2

[Event "12. Lichtenberger Sommer"]
[Site "Berlin"]
[Date "2013.08.23"]
[Round "7.6"]
[White "Von Herman, Ulf"]
[Black "Simon, Ralf-Axel"]
[Result "0-1"]
[WhiteElo "2392"]
[BlackElo "2194"]
[PlyCount "80"]
[EventDate "2013.??.??"]
[WhiteTeam "SK König Tegel 1949 e.V."]
[BlackTeam "TSG Neuruppin"]

1. c4 Nf6 2. Nf3 c6 3. b3 d5 4. Bb2 Bf5 5. e3 e6 6. Be2 h6 7. Nc3 Bh7 8. d3 Bd6
9. Qc2 Nbd7 10. a3 Qe7 11. cxd5 exd5 12. Nd4 Ne5 13. Qd2 O-O 14. h3 Rfe8 15.
O-O a5 16. Rfe1 Rad8 17. f4 Ned7 18. Nd1 Ra8 19. Nf3 Nc5 20. Qc3 Qf8 21. Bf1 a4
22. b4 Nb3 23. Rb1 d4 24. Qc4 c5 25. bxc5 Bxc5 26. Bxd4 Bxd4 27. Nxd4 Nd2 28.
Qb4 Nxb1 29. Qxb1 Qxa3 30. Qxb7 Bxd3 31. Bxd3 Qxd3 32. Nf2 Qc3 33. Rf1 Qxe3 34.
Nf5 Qe6 35. Nd4 Qe7 36. Qb2 a3 37. Qa1 a2 38. Kh2 Qd7 39. Rd1 Red8 40. Nb3 Qa4
0-1

[Event "12. Lichtenberger Sommer"]
[Site "Berlin"]
[Date "2013.08.23"]
[Round "7.9"]
[White "Sawlin, Leonid"]
[Black "Thorarinsson, Pall A"]
[Result "1/2-1/2"]
[WhiteElo "2021"]
[BlackElo "2222"]
[PlyCount "33"]
[EventDate "2013.??.??"]
[WhiteTeam "TuS Makkabi Berlin e.V."]
[BlackTeam "Athenaeum Chess Club London"]

1. e4 g6 2. d4 Bg7 3. c3 d5 4. e5 c5 5. h3 Nc6 6. f4 cxd4 7. cxd4 Nh6 8. Ne2 f6
9. Nbc3 O-O 10. Qb3 Nf5 11. Qxd5+ Qxd5 12. Nxd5 Nfxd4 13. Nxd4 Nxd4 14. Bd3
fxe5 15. Nxe7+ Kh8 16. Nxc8 Raxc8 17. O-O 1/2-1/2

[Event "12. Lichtenberger Sommer"]
[Site "Berlin"]
[Date "2013.08.23"]
[Round "7.10"]
[White "Friedrich, Wiede"]
[Black "Niehaus, Frank"]
[Result "1-0"]
[WhiteElo "2253"]
[BlackElo "2208"]
[PlyCount "107"]
[EventDate "2013.??.??"]
[WhiteTeam "USV Potsdam e.V., Abt. Schach"]
[BlackTeam "SK König Tegel 1949 e.V."]

1. e4 c5 2. Nf3 d6 3. d4 cxd4 4. Nxd4 Nf6 5. Nc3 g6 6. Be3 Bg7 7. f3 O-O 8. Qd2
Nc6 9. O-O-O d5 10. Kb1 Rb8 11. b3 e6 12. Nxc6 bxc6 13. Bxa7 Ra8 14. Bd4 e5 15.
Bc5 Be6 16. g4 Re8 17. exd5 cxd5 18. Bb5 Qc7 19. g5 Nh5 20. Bxe8 Qxc5 21. Na4
Qc7 22. Qc3 Qe7 23. Bc6 Rd8 24. Qc5 Qxg5 25. Bxd5 Nf4 26. Bxe6 Nxe6 27. Rxd8+
Qxd8 28. Qb6 Qf6 29. Qb8+ Nf8 30. Qb6 Qxf3 31. Re1 h5 32. Qe3 Qc6 33. Qe4 Qc7
34. Nb2 Kh7 35. Qc4 Qe7 36. a4 f5 37. a5 e4 38. a6 Nd7 39. Na4 Qf6 40. c3 Ne5
41. Qb5 Qd6 42. a7 Qd2 43. Rh1 e3 44. a8=Q e2 45. Qad5 e1=Q+ 46. Rxe1 Qxe1+ 47.
Kc2 f4 48. Qd1 Qe4+ 49. Kb2 f3 50. Nc5 Qf5 51. Qc2 Qg4 52. Nd3 Nf7 53. Nf2 Qf4
54. Qxh5+ 1-0

[Event "12. Lichtenberger Sommer"]
[Site "Berlin"]
[Date "2013.08.23"]
[Round "7.11"]
[White "Stiemerling, Wilfried"]
[Black "Sieglen, Joachim"]
[Result "0-1"]
[WhiteElo "2158"]
[BlackElo "2270"]
[PlyCount "114"]
[EventDate "2013.??.??"]
[WhiteTeam "BSG Pneumant Fürstenwalde e.V."]
[BlackTeam "SC Untergrombach 46"]

1. d4 Nf6 2. c4 c5 3. d5 b5 4. cxb5 a6 5. bxa6 g6 6. Nc3 Bxa6 7. Nf3 d6 8. e4
Bxf1 9. Kxf1 Bg7 10. g3 O-O 11. Kg2 Nbd7 12. Qe2 Qa5 13. e5 dxe5 14. Nxe5 Nxe5
15. Qxe5 Ra7 16. Rd1 Rd8 17. Qe2 Rad7 18. Qf3 c4 19. Be3 Nxd5 20. Nxd5 Rxd5 21.
Bb6 Qxb6 22. Rxd5 Rxd5 23. Qxd5 Bxb2 24. Rd1 Qa6 25. Qd8+ Kg7 26. Qxe7 c3 27.
Rd6 Qa8+ 28. Kh3 c2 29. Rd8 Qxd8 30. Qxd8 c1=Q 31. Kg2 Qc4 32. Qa8 Bd4 33. Qe4
Qc5 34. Qe2 Qd5+ 35. f3 Qe6 36. Qc2 Qe3 37. Qd1 Bc3 38. a4 Qd2+ 39. Qxd2 Bxd2
40. Kf1 Kf6 41. Ke2 Ba5 42. Kd3 Ke5 43. Kc4 Be1 44. Kc5 f5 45. Kc4 g5 46. Kd3
g4 47. Ke2 Ba5 48. fxg4 fxg4 49. Kf1 Ke4 50. Ke2 Bb6 51. a5 Bxa5 52. Kf2 Bb6+
53. Kg2 Ke3 54. h3 h5 55. Kh2 Kf3 56. hxg4 hxg4 57. Kh1 Bc7 0-1

[Event "12. Lichtenberger Sommer"]
[Site "Berlin"]
[Date "2013.08.23"]
[Round "7.12"]
[White "Lorenz, Sascha"]
[Black "Hertwig, Christopher"]
[Result "1-0"]
[WhiteElo "2283"]
[BlackElo "2052"]
[PlyCount "82"]
[EventDate "2013.??.??"]
[WhiteTeam "SK König Tegel 1949 e.V."]
[BlackTeam "SK König Tegel 1949 e.V."]

1. d4 Nf6 2. c4 g6 3. Nc3 d5 4. e3 Bg7 5. Qb3 dxc4 6. Bxc4 O-O 7. Nf3 c5 8.
dxc5 Nbd7 9. Qa3 Qc7 10. b4 Ne5 11. Nxe5 Qxe5 12. Bb2 Qg5 13. g3 Rd8 14. Qb3
Bh3 15. Bxf7+ Kh8 16. Ne2 Ne4 17. Nf4 Nd2 18. Bxg7+ Kxg7 19. Qb2+ Kxf7 20.
O-O-O Bg4 21. Rxd2 e5 22. Qb3+ Ke7 23. Nd5+ Kf8 24. e4 a5 25. f4 Qh6 26. b5 Qg7
27. f5 gxf5 28. exf5 Rac8 29. Qc4 Bf3 30. Rf1 e4 31. f6 Qg5 32. Nf4 Re8 33. Rd5
Qxf6 34. Kb1 Re5 35. Qd4 Rce8 36. Rd7 Qf5 37. Kb2 b6 38. a4 bxc5 39. Qd6+ Kg8
40. Nd5 R5e6 41. Qxc5 Rh6 1-0

[Event "12. Lichtenberger Sommer"]
[Site "Berlin"]
[Date "2013.08.23"]
[Round "7.13"]
[White "Jaeger, Andre"]
[Black "Moritz, Aron"]
[Result "1/2-1/2"]
[WhiteElo "2005"]
[BlackElo "2193"]
[PlyCount "83"]
[EventDate "2013.??.??"]
[WhiteTeam "SC Rochade e.V."]
[BlackTeam "Sfrd. Berlin 1903 e.V."]

1. d4 Nf6 2. c4 g6 3. g3 Bg7 4. Bg2 O-O 5. Nc3 d6 6. Nf3 Nbd7 7. O-O e5 8. e4
c6 9. h3 Qa5 10. Qc2 exd4 11. Nxd4 Qc5 12. Nce2 Nb6 13. b3 d5 14. exd5 cxd5 15.
Be3 Qe7 16. c5 Nbd7 17. Rac1 Ne4 18. b4 f5 19. Nf4 Ndf6 20. Qb3 Qf7 21. Nfe2
Nh5 22. Kh2 Be5 23. f4 Bg7 24. Rfd1 Kh8 25. b5 h6 26. Nf3 Be6 27. Bd4 g5 28.
Ne5 Qe8 29. c6 b6 30. Qe3 Bg8 31. a4 Kh7 32. Bf3 Nexg3 33. fxg5 hxg5 34. Bxh5
Nxh5 35. Rg1 Bh6 36. Qd3 Be6 37. Ng3 Nf4 38. Qc2 Ng6 39. Rce1 Nxe5 40. Bxe5 Qg6
41. Bd6 Rfd8 42. Bc7 1/2-1/2

[Event "12. Lichtenberger Sommer"]
[Site "Berlin"]
[Date "2013.08.23"]
[Round "7.15"]
[White "Schneider, Christian"]
[Black "Flick, Antoine"]
[Result "1-0"]
[WhiteElo "2221"]
[BlackElo "1954"]
[PlyCount "57"]
[EventDate "2013.??.??"]
[WhiteTeam "SG Blau-Weiß Stadtilm"]
[BlackTeam "Philidor Mulhouse"]

1. e4 e6 2. Qe2 c5 3. Nf3 Nc6 4. d3 d6 5. g3 g6 6. c3 Bg7 7. Bg2 Nge7 8. h4 h5
9. O-O Rb8 10. Be3 e5 11. Qd2 Bg4 12. Nh2 Be6 13. Na3 O-O 14. Nc2 Qc7 15. Nf3
Qa5 16. Bh6 Rfd8 17. Bxg7 Kxg7 18. Ng5 Bd7 19. Ne3 f6 20. Nh3 Bg4 21. f4 d5 22.
fxe5 Nxe5 23. Nxg4 Nxg4 24. Nf4 Qb6 25. exd5 c4+ 26. d4 Rd7 27. Rae1 Nf5 28.
Nxh5+ gxh5 29. Rxf5 1-0

[Event "12. Lichtenberger Sommer"]
[Site "Berlin"]
[Date "2013.08.23"]
[Round "7.16"]
[White "Boetzer, Detlef"]
[Black "Millward, Kevin P"]
[Result "1/2-1/2"]
[WhiteElo "2275"]
[BlackElo "1920"]
[PlyCount "113"]
[EventDate "2013.??.??"]
[WhiteTeam "SC Rotation Pankow e.V."]
[BlackTeam "Athenaeum Chess Club London"]

1. d4 g6 2. c4 Bg7 3. Nf3 d6 4. Nc3 Nc6 5. e3 e5 6. Be2 f5 7. O-O Nf6 8. dxe5
dxe5 9. Qxd8+ Kxd8 10. Rd1+ Bd7 11. b3 Kc8 12. Bb2 Re8 13. Nd5 a5 14. a3 Ne4
15. Bd3 Nc5 16. Bc2 Ne6 17. Rd2 e4 18. Bxg7 Nxg7 19. Ng5 h6 20. Nf7 Be6 21.
Nxh6 Rh8 22. Ng4 fxg4 23. Bxe4 Bf5 24. Bxf5+ gxf5 25. Rad1 Ne6 26. b4 axb4 27.
axb4 b6 28. b5 Ne5 29. Ne7+ Kb7 30. Nxf5 Rad8 31. Rxd8 Rxd8 32. Rxd8 Nxd8 33.
Nd4 Nxc4 34. h3 gxh3 35. gxh3 c5 36. bxc6+ Nxc6 37. Nc2 Kc7 38. f4 Kd6 39. Kf2
Kd5 40. Kf3 Nd2+ 41. Ke2 Ne4 42. Kd3 Nf2+ 43. Kc3 Nxh3 44. Na3 Nf2 45. Nb5 Ne4+
46. Kb3 Nc5+ 47. Kc3 Ke4 48. Nd6+ Kd5 49. Nb5 Ne4+ 50. Kb3 Kc5 51. Nc7 Na5+ 52.
Kc2 Nc4 53. Na8 Nxe3+ 54. Kd3 Nd5 55. Nxb6 Nxf4+ 56. Kxe4 Kxb6 57. Kxf4 1/2-1/2

[Event "12. Lichtenberger Sommer"]
[Site "Berlin"]
[Date "2013.08.23"]
[Round "7.17"]
[White "Nötzel, Felix"]
[Black "Rietze, Clemens"]
[Result "1/2-1/2"]
[WhiteElo "2076"]
[BlackElo "2273"]
[PlyCount "103"]
[EventDate "2013.??.??"]
[WhiteTeam "Sfrd. Berlin 1903 e.V."]
[BlackTeam "USV Potsdam e.V., Abt. Schach"]

1. e4 e5 2. Nf3 Nc6 3. d4 exd4 4. c3 d5 5. exd5 Qxd5 6. cxd4 Bg4 7. Be2 Bb4+ 8.
Nc3 Bxf3 9. Bxf3 Qc4 10. Qb3 Qxb3 11. axb3 Nge7 12. O-O O-O-O 13. Be3 a6 14.
Ra4 Bd6 15. Rc1 Kb8 16. Ne4 Na7 17. Nxd6 Rxd6 18. Bf4 Rd7 19. Rc5 Nb5 20. Rb4
Rhd8 21. Rcxb5 axb5 22. Rxb5 Nd5 23. Bg3 Ka7 24. Bxd5 Rxd5 25. Rxd5 Rxd5 26.
Bxc7 Rb5 27. d5 Rxb3 28. Be5 Rd3 29. g4 f6 30. Bc3 Rxd5 31. h4 Ka6 32. Kg2 Kb5
33. h5 h6 34. f4 Kc4 35. Kf3 Rd3+ 36. Ke4 Rxc3 37. bxc3 Kxc3 38. Kf5 b5 39. Kg6
b4 40. Kxg7 b3 41. g5 b2 42. gxf6 b1=Q 43. f7 Qb7 44. Kg8 Qd5 45. Kg7 Qd7 46.
Kg6 Qg4+ 47. Kxh6 Qxf4+ 48. Kg7 Qd4+ 49. Kg8 Qd5 50. Kg7 Qe5+ 51. Kg8 Qg5+ 52.
Kh7 1/2-1/2

[Event "12. Lichtenberger Sommer"]
[Site "Berlin"]
[Date "2013.08.23"]
[Round "7.18"]
[White "Vogel, Robert"]
[Black "Badestein, Hartmut"]
[Result "1-0"]
[WhiteElo "2256"]
[BlackElo "2083"]
[PlyCount "81"]
[EventDate "2013.??.??"]
[WhiteTeam "SG Pang-Rosenheim 1910 e.V."]
[BlackTeam "SC Friesen Lichtenberg e.V."]

1. d4 Nf6 2. c4 d6 3. Nc3 Nbd7 4. Nf3 e5 5. g3 g6 6. Bg2 Bg7 7. O-O O-O 8. e4
c6 9. Re1 Qb6 10. h3 exd4 11. Na4 Qc7 12. Nxd4 Re8 13. b3 a6 14. Bb2 Rb8 15.
Rc1 c5 16. Nc2 b5 17. cxb5 axb5 18. Nc3 b4 19. Nb1 Ba6 20. f4 Bb7 21. Nd2 d5
22. e5 Nh5 23. Kh2 Nxe5 24. Bxe5 Bxe5 25. Rxe5 Rxe5 26. fxe5 Qxe5 27. Qe1 Qd6
28. Qf2 Ra8 29. Ra1 Re8 30. Re1 Ra8 31. Ra1 Re8 32. Nf1 Ba6 33. Re1 Rxe1 34.
Nxe1 d4 35. Nd2 f5 36. Nc4 Bxc4 37. bxc4 d3 38. Bd5+ Kg7 39. Nxd3 g5 40. Qb2+
Kh6 41. Qe5 1-0

[Event "12. Lichtenberger Sommer"]
[Site "Berlin"]
[Date "2013.08.23"]
[Round "7.20"]
[White "Kornrumpf, Joachim"]
[Black "Lerch, Philipp"]
[Result "0-1"]
[WhiteElo "2084"]
[BlackElo "2152"]
[PlyCount "68"]
[EventDate "2013.??.??"]
[WhiteTeam "Preetzer TSV"]
[BlackTeam "SK König Tegel 1949 e.V."]

1. b3 e5 2. Bb2 Nc6 3. e3 Nf6 4. Nf3 Bd6 5. d4 exd4 6. Nxd4 O-O 7. Bd3 Nxd4 8.
Bxd4 Re8 9. O-O Be5 10. Bxe5 Rxe5 11. Nd2 d5 12. Re1 Bg4 13. Be2 Bf5 14. Nf3
Re8 15. Nd4 Be4 16. Bf1 c6 17. Ne2 Qb6 18. Ng3 Rad8 19. c3 Qa5 20. Qd2 h5 21.
Qb2 h4 22. Nxe4 dxe4 23. Rad1 Qe5 24. Qc1 Ng4 25. g3 Qf5 26. Qc2 Ne5 27. Re2
Nf3+ 28. Kh1 Rd3 29. Qc1 Red8 30. Rxd3 exd3 31. Rb2 d2 32. Qd1 hxg3 33. fxg3
Ne1 34. Kg1 Qe5 0-1

[Event "12. Lichtenberger Sommer"]
[Site "Berlin"]
[Date "2013.08.23"]
[Round "7.21"]
[White "Frübing, Thomas"]
[Black "Peschke, Uwe"]
[Result "1/2-1/2"]
[WhiteElo "2166"]
[BlackElo "2046"]
[PlyCount "61"]
[EventDate "2013.??.??"]
[WhiteTeam "SF Friedrichshagen"]
[BlackTeam "SC Empor Potsdam 1952 e.V."]

1. e4 d5 2. exd5 Qxd5 3. Nf3 Bg4 4. Be2 Nc6 5. d4 O-O-O 6. c4 Qh5 7. Be3 Nf6 8.
Nc3 e5 9. d5 e4 10. Nd2 Ne5 11. Bxg4+ Qxg4 12. Qxg4+ Nfxg4 13. Ncxe4 Nxe3 14.
fxe3 Bb4 15. a3 Bxd2+ 16. Nxd2 Rhe8 17. O-O f6 18. e4 Re7 19. b4 Rde8 20. c5
Nf7 21. h4 Nh6 22. Rac1 Re5 23. d6 f5 24. Rfd1 Rd8 25. exf5 Nxf5 26. Nc4 Re2
27. h5 Ng3 28. Re1 Rde8 29. Red1 Rd8 30. Re1 Rde8 31. Red1 1/2-1/2

[Event "12. Lichtenberger Sommer"]
[Site "Berlin"]
[Date "2013.08.23"]
[Round "7.22"]
[White "Höckendorf, Hartmut"]
[Black "Martin, Julian"]
[Result "1/2-1/2"]
[WhiteElo "2194"]
[BlackElo "1888"]
[PlyCount "83"]
[EventDate "2013.??.??"]
[WhiteTeam "BSG Pneumant Fürstenwalde e.V."]
[BlackTeam "OSG Baden-Baden"]

1. Nf3 c5 2. g3 d5 3. Bg2 Nf6 4. d3 Nc6 5. O-O e5 6. e4 dxe4 7. dxe4 Be6 8. Qe2
Qc7 9. c3 Be7 10. Nbd2 h6 11. a4 Rd8 12. Nc4 O-O 13. Nh4 Qd7 14. Nf5 Rfe8 15.
Nxe7+ Qxe7 16. Re1 Rd7 17. Ne3 Red8 18. Nf5 Qf8 19. Be3 Rd3 20. Qf3 Bxf5 21.
Qxf5 Qe7 22. Bf1 R3d7 23. a5 Ne8 24. Qf3 b6 25. axb6 axb6 26. Bb5 Rd6 27. Ba4
Na5 28. Qe2 Qe6 29. b4 cxb4 30. cxb4 Nb3 31. Bxb3 Qxb3 32. Reb1 Qe6 33. Rd1 Nf6
34. f3 Rxd1+ 35. Rxd1 Rxd1+ 36. Qxd1 b5 37. Qd3 Qc6 38. Kf2 Kh7 39. h4 Nd7 40.
Kg2 Nb6 41. Bxb6 Qxb6 42. Qd7 1/2-1/2

[Event "12. Lichtenberger Sommer"]
[Site "Berlin"]
[Date "2013.08.23"]
[Round "7.23"]
[White "Steiner, Wolfram"]
[Black "Kropman, Alexei"]
[Result "0-1"]
[WhiteElo "1978"]
[BlackElo "2085"]
[PlyCount "66"]
[EventDate "2013.??.??"]
[WhiteTeam "SG Lasker Steglitz-Wilmersdorf"]
[BlackTeam "SK König Tegel 1949 e.V."]

1. Nf3 d5 2. d4 c6 3. g3 e6 4. Bg2 f5 5. O-O Bd6 6. b3 Qe7 7. a4 Nf6 8. Ba3 Ne4
9. Bxd6 Nxd6 10. Nbd2 Nd7 11. c4 O-O 12. c5 Ne4 13. Rc1 e5 14. Nxe4 fxe4 15.
Nxe5 Nxe5 16. dxe5 Qxe5 17. f4 Qh5 18. e3 Bg4 19. Qd4 Rae8 20. Rf2 Rf6 21. Bf1
Rg6 22. b4 Ree6 23. b5 Bf3 24. Bg2 Rxg3 25. hxg3 Rh6 26. Rfc2 Qh2+ 27. Kf1
Bxg2+ 28. Rxg2 Qh1+ 29. Kf2 Qxc1 30. bxc6 bxc6 31. Qb4 Qd2+ 32. Kf1 Qd1+ 33.
Kf2 Qf3+ 0-1

[Event "12. Lichtenberger Sommer"]
[Site "Berlin"]
[Date "2013.08.23"]
[Round "7.24"]
[White "Krefenstein, Sergej"]
[Black "Pronobis, Wiktor"]
[Result "1-0"]
[WhiteElo "2101"]
[BlackElo "1892"]
[PlyCount "113"]
[EventDate "2013.??.??"]
[WhiteTeam "TuS Makkabi Berlin e.V."]
[BlackTeam "SC Weisse Dame e.V."]

1. g3 Nf6 2. Bg2 e5 3. d3 Nc6 4. e4 Bc5 5. Be3 Bb6 6. Nc3 O-O 7. Nge2 d6 8. O-O
Bd7 9. Qd2 Nd4 10. Kh1 c6 11. f4 Ng4 12. Bg1 Nxe2 13. Nxe2 Bxg1 14. Nxg1 Qb6
15. f5 Qe3 16. Qe1 Qh6 17. Bh3 Ne3 18. Rf2 d5 19. Re2 d4 20. g4 Qd6 21. Nf3 f6
22. Qg3 h6 23. Rb1 c5 24. b3 Qc6 25. Bg2 b5 26. h4 Kf7 27. g5 hxg5 28. hxg5
Rh8+ 29. Kg1 Rhg8 30. Nh4 Ke7 31. Bf3 Kd8 32. gxf6 Qxf6 33. Ng6 Re8 34. Kf2 Rc8
35. c4 a6 36. Ree1 Kc7 37. Rh1 Kd6 38. Rh5 Rg8 39. Rbh1 bxc4 40. dxc4 Rce8 41.
Rg5 Kc7 42. Rh7 Qd6 43. Nh4 d3 44. Kxe3 d2 45. Qg1 Bc6 46. Rhxg7+ Rxg7 47.
Rxg7+ Kb6 48. Rg6 Qd7 49. Qd1 Rd8 50. Ng2 Qd4+ 51. Ke2 Kb7 52. Rg4 Qd3+ 53. Kf2
Qd4+ 54. Ne3 Qd6 55. Nd5 Qh6 56. Ke2 Qh2+ 57. Rg2 1-0